Normal view
MARC view
- Understanding the united state
Entry Topical Term
001 - CONTROL NUMBER
- control field: 106870
003 - CONTROL NUMBER IDENTIFIER
- control field: NUST
005 - DATE AND TIME OF LATEST TRANSACTION
- control field: 20230116130759.0
008 - FIXED-LENGTH DATA ELEMENTS
- fixed length control field: 230116|| aca||aabn | a|a d
040 ## - CATALOGING SOURCE
- Original cataloging agency: NUST
- Transcribing agency: NUST
150 ## - HEADING--TOPICAL TERM
- Topical term or geographic name entry element: Understanding the united state
670 ## - SOURCE DATA FOUND
- Source citation: Work cat.: (NUST)185866: vuicich, George 74734, Understanding the united state /, 1979
